Literary Math Quiz Stats

Quiz Updated Dec 22, 2011

Also try: Math Homework
Challenge
Share
Tweet
Embed
Score 0/11 Timer 04:00
1 Play Today
Hint Answer % Correct
Dickens Tale of __ Cities + Dumas' __ Musketeers5
99.7%
Heller's Catch-__ x Vonnegut's Slaughterhouse __110
58%
Orwell's ____ + Verne's _____ Leagues Under the Sea21984
53.1%
Christie's __ Little Indians + by Verne's Around the World in __ Days90
51.8%
Marquez's ___ Years of Solitude / Tolkien's __ Towers50
44.6%
Hawthorne's House of __ Gables x Albom's __ People You Meet in Heaven35
28.6%
Hosseini's ___ Splendid Suns / by Shakespeare's The __ Gentlemen of Verona500
20.6%
Bradbury's Fahrenheit ___ - Pynchon's Crying of Lot __402
12.7%
Mortenson's __ Cups of Tea + Hunt's Across ___ Aprils8
10.2%
Kesey's __ Flew Over the Cuckoo's Nest + Hornby's __ Songs32
6.6%
Hanff's __ Charing Cross Road - Clancy's Rainbow __78
6.3%

You're not logged in!

Compare scores with friends on all Sporcle quizzes.
Sign Up with Email
OR
Log In

You Might Also Like...

Show Comments

Extras

Top Quizzes Today


Score Distribution

Your Account Isn't Verified!

In order to create a playlist on Sporcle, you need to verify the email address you used during registration. Go to your Sporcle Settings to finish the process.